| 000 | 00443nam a22001577a 4500 | ||
|---|---|---|---|
| 020 | _a9788126554232 | ||
| 040 | _cNUST | ||
| 082 | _a510.2462 KRE | ||
| 100 |
_aKreyszig, Erwin _983953 |
||
| 110 |
_a Kreyszig Herbert, Norminton, Edward J _983954 |
||
| 245 | _aAdvanced Engineering Mathematics | ||
| 250 | _a10th ed | ||
| 260 |
_aASIA : _bJohn Wiley & Sons, _c2011 |
||
| 650 |
_aEngineering Mathematics-Advanced _983955 |
||
| 942 |
_2ddc _cBK |
||
| 999 |
_c586661 _d586661 |
||